| 000 | 00361nam a2200145Ia 4500 | ||
|---|---|---|---|
| 008 | 150201s1993 xx 000 0 und d | ||
| 082 |
_a603 _bC1993T |
||
| 100 | _aTABERS | ||
| 245 | _aTABERS CYCLOPEDIC MEDICAL DICTIONARY | ||
| 250 | _a18TH | ||
| 260 |
_bF.A.DAVIS COMPANY _aPHILADELPHIA _c1993 |
||
| 300 | _aJan-45 | ||
| 650 | _aDICTIONARIES | ||
| 942 |
_2ddc _cBK |
||
| 999 |
_c4109 _d4109 |
||